Catálogo

La ladrona de libros / (Registro nro. 25663)

Detalles MARC
000 -LEADER
fixed length control field 01688cam a2200385 i 4500
001 - CONTROL NUMBER
control field 25663
003 - CONTROL NUMBER IDENTIFIER
control field Mx-PuUPA
005 - DATE AND TIME OF LATEST TRANSACTION
control field 20260114112435.0
008 - FIXED-LENGTH DATA ELEMENTS--GENERAL INFORMATION
fixed length control field 140415s2013 mx a gr 000 f spa d
020 ## - INTERNATIONAL STANDARD BOOK NUMBER
International Standard Book Number 9786073120319
040 ## - CATALOGING SOURCE
Original cataloging agency Mx-PuUPA
Language of cataloging spa
Transcribing agency Mx-PuUPA
Modifying agency Mx-PuUPA
Description conventions rda
041 0# - LANGUAGE CODE
Language code of text/sound track or separate title spa
043 ## - GEOGRAPHIC AREA CODE
Geographic area code e-gx---
100 1# - MAIN ENTRY--PERSONAL NAME
Personal name Zusak, Markus,
Dates associated with a name 1975-
9 (RLIN) 2795
Relator term autor
245 10 - TITLE STATEMENT
Title La ladrona de libros /
Statement of responsibility, etc. Markus Zusak ; traducción de Laura Martín de Dios
246 14 - VARYING FORM OF TITLE
Title proper/short title Ladrona de libros.
250 ## - EDITION STATEMENT
Edition statement Segunda edición /
Remainder of edition statement en Debolsillo, diciembre
264 #1 - PRODUCTION, PUBLICATION, DISTRIBUTION, MANUFACTURE, AND COPYRIGHT NOTICE
Place of production, publication, distribution, manufacture México, D.F. :
Name of producer, publisher, distributor, manufacturer Random House Mondadori,
Date of production, publication, distribution, manufacture, or copyright notice ©2013
300 ## - PHYSICAL DESCRIPTION
Extent 539 páginas :
Other physical details ilustraciones ;
Dimensions 21 cm
336 ## - CONTENT TYPE
Fuente rdacontent
Content type term texto
Content type code txt
336 ## - CONTENT TYPE
Fuente rdacontent
Content type term imagen fija
Content type code sti
337 ## - MEDIA TYPE
Source rdamedia
Media type term sin medio
Media type code n
338 ## - CARRIER TYPE
Source rdacarrier
Carrier type term volumen
Carrier type code nc
500 ## - GENERAL NOTE
General note "Ahora una superproducción de Twentieth Century Fox". -- Cubierta
650 #7 - SUBJECT ADDED ENTRY--TOPICAL TERM
Source of heading or term armarc
Topical term or geographic name entry element Judios
Geographic subdivision Alemania
650 #7 - SUBJECT ADDED ENTRY--TOPICAL TERM
Source of heading or term armarc
Topical term or geographic name entry element Muerte
Form subdivision Novela juvenil
651 #4 - SUBJECT ADDED ENTRY--GEOGRAPHIC NAME
Geographic name Alemania
General subdivision Historia
Chronological subdivision 1933-1945
Form subdivision Novela juvenil
700 1# - ADDED ENTRY--PERSONAL NAME
Personal name Martín de Dios, Laura,
Relator term traductor
765 0# - ORIGINAL LANGUAGE ENTRY
Main entry heading Zusak, Markus, 1975-
Title The book thief.
775 0# - OTHER EDITION ENTRY
Main entry heading Zusak, Markus, 1975-
Edition Segunda edición
Place, publisher, and date of publication México, D.F. : Penguin Random House Grupo Editorial, 2013
Physical description 539 paginas : ilustraciones ; 19 cm
Title Ladrona de libros
Record control number (Mx-PuUPA) 61359
International Standard Book Number 9786073120319
775 0# - OTHER EDITION ENTRY
Main entry heading Zusak, Markus, 1975-
Edition Primera edición
Place, publisher, and date of publication México, D.F. : Random House Mondadori, 2007
Physical description 539 páginas : ilustraciones ; 23 cm
Title La ladrona de libros
Record control number (Mx-PuUPA) 66311
International Standard Book Number 9789708100571
942 ## - ADDED ENTRY ELEMENTS (KOHA)
Source of classification or shelving scheme Dewey Decimal Classification
Koha item type Libro
Classification part 823.92
Item part Z6718
Existencias
Withdrawn status Lost status Source of classification or shelving scheme Damaged status Not for loan Collection code Home library Current library Shelving location Date acquired Source of acquisition Total Checkouts Full call number Barcode Date last seen Date last checked out Copy number Price effective from Koha item type
    Dewey Decimal Classification     General Tehuacán Tehuacán Sala general 23/01/2017 Compra   823.92 Z6718 2013 968000003201 08/01/2025 09/02/2018 Ej.5 23/01/2017 Libro